00305nam a2200145Ia 4500008004100000040000800041041001000049082001100059100002300070245001600093260001900109260000900128300000800137650001400145171216s9999 xx 000 0 und d bHIN aHINDI aHA GUP aManmath Nath Gupta 0aAl-Zulfikar bLipi Prakashan c1995 g103 aNovalukal